000 00413nam a2200157 i 4500
001 75894
003 ES-MaACL
005 20230906172637.0
007 t|
008 040928s1935 sp ||||1| cat d
100 1 _aGuansé, Domènec.
_960300
245 1 4 _aUna nit
_b: novella /
_cDoménec Guansé.
260 _aBarcelona :
_b[s.n.,
_c1935] (
_fNagsa)
300 _a132 p. ;
_c19 cm.
852 _aES-MaACL
_jA-3864
999 _c75894
_d75894